|
|
|
|
| LEADER |
00000cas a2200000 a 4500 |
| 001 |
vtls008770599 |
| 003 |
SK-MaSNL |
| 005 |
20260228160541.0 |
| 008 |
060606c19939999gw qr p 0 b0ger c |
| 022 |
|
|
|a 1617-9552
|
| 035 |
|
|
|a (SVKBB03)vtls000032481
|
| 040 |
|
|
|a SNK
|b slo
|c SNK
|d SVKBB
|e AACR2
|
| 041 |
0 |
|
|a ger
|
| 044 |
|
|
|a gw
|c DE
|
| 080 |
|
|
|a 32
|
| 080 |
|
|
|a 008
|
| 080 |
|
|
|a 33
|
| 080 |
|
|
|a 001
|
| 080 |
|
|
|a (430)
|
| 080 |
|
|
|a 050
|
| 245 |
0 |
0 |
|a Deutschland
|b Forum für Politik, Kultur und Wirtschaft
|
| 246 |
1 |
3 |
|a Magazin-Deutschland.de
|
| 246 |
1 |
3 |
|a DE Magazin Deutschland
|b Forum für Politik, Kultur und Wirtschaft
|
| 247 |
0 |
1 |
|a Deutschland
|b Forum für Politik, Kultur, Wirtschaft und Wissenschaft
|
| 260 |
|
|
|a Frankfurt am Main
|b Frankfurter Societäts-Druckerei
|c 1993-
|
| 260 |
3 |
|
|3 3/2009-
|a Frankfurt am Main
|b Frankfurter Societäts-Medien
|
| 300 |
|
|
|a zv.
|b ilustr.
|c 28 cm
|
| 310 |
|
|
|a 4x ročne
|b 2011-
|
| 321 |
|
|
|a 6x ročne
|
| 362 |
0 |
|
|a sept./okt. 1993-
|
| 650 |
0 |
7 |
|a politika
|2 SNKPH
|9 968
|
| 650 |
0 |
7 |
|a kultúra
|2 SNKPH
|9 886
|
| 650 |
0 |
7 |
|a hospodárstvo
|2 SNKPH
|9 14275
|
| 650 |
0 |
7 |
|a ekonomika
|2 SNKPH
|9 789
|
| 650 |
0 |
7 |
|a veda
|2 SNKPH
|9 1599
|
| 651 |
|
7 |
|a Nemecko
|2 SNKPH
|9 21020
|
| 852 |
|
|
|a Štátna vedecká knižnica v Banskej Bystrici
|
| 856 |
4 |
1 |
|u http://www.deutschland.de
|
| 910 |
|
|
|a snk
|
| 999 |
|
|
|c 2949
|d 4879
|